| 000 | 00643nam a2200205 a 4500 | ||
|---|---|---|---|
| 005 | 20210223125937.0 | ||
| 008 | 060331s2001 ag 000 0 spa d | ||
| 020 | _a9870000355 | ||
| 035 | _aUPN01000144900 | ||
| 049 | _aC | ||
| 050 | 4 |
_aRC501.4 _bH3.2 |
|
| 100 | 1 | _aHanns, Luiz Alberto | |
| 245 | 1 | 0 |
_aDiccionario de términos alemanes de Freud / _cLuiz Alberto Hanns ; tr. Sara Hassan. |
| 260 |
_aBuenos Aires : _bLumen, _c2001. |
||
| 300 | _a556 p. | ||
| 534 |
_pTraducción de: _tDiccionário comentado de alemao de Freud |
||
| 650 | 4 |
_aPSICOANALISIS - _vDICCIONARIOS _914147 |
|
| 600 | 1 | 4 |
_aFREUD, SIGMUND, _d1856-1939 |
| 905 | _aLibro | ||
| 999 |
_c117047 _d117047 |
||